أفلام ومناهج : (رقم التسجيلة. 180490)

تفاصيل مارك
000 -LEADER
fixed length control field 01707namaa2200409 i 4500
003 - CONTROL NUMBER IDENTIFIER
control field EG-GICUC
005 - DATE AND TIME OF LATEST TRANSACTION
control field 20260610145856.0
008 - FIXED-LENGTH DATA ELEMENTS--GENERAL INFORMATION
fixed length control field 260610m200u2005ua ao||jr|||| 000 0 ara d
017 ## - COPYRIGHT OR LEGAL DEPOSIT NUMBER
Copyright or legal deposit number 2006 / 2972 (v.2)
Assigning agency دار الكتب والوثائق القومية (مصر)
040 ## - CATALOGING SOURCE
Original cataloging agency EG-GiCUC
Language of cataloging ara
Transcribing agency EG-GiCUC
Modifying agency EG-GiCUC
Description conventions rda
041 1# - LANGUAGE CODE
Language code of text/sound track or separate title ara
Language code of original eng
082 04 - DEWEY DECIMAL CLASSIFICATION NUMBER
Edition number 21
Classification number 791.43
Item number A2578
092 04 - LOCALLY ASSIGNED DEWEY CALL NUMBER (OCLC)
Edition number 21
Classification number 791.43
Item number A2578
099 ## - LOCAL FREE-TEXT CALL NUMBER (OCLC)
Classification number 791.43 A2578
100 1# - MAIN ENTRY--PERSONAL NAME
Relator term مؤلف.
240 1# - UNIFORM TITLE
Uniform title Movies and methods : an anthology
Language of a work Arabic
245 ## - TITLE STATEMENT
Title أفلام ومناهج :
Remainder of title نصوص نقدية ونظرية مختارة/
Statement of responsibility, etc. تحرير بيل نيكولز ؛ ترجمة حسين بيومى.
250 ## - EDITION STATEMENT
Edition statement الطبعة الاولى
264 ## - PRODUCTION, PUBLICATION, DISTRIBUTION, MANUFACTURE, AND COPYRIGHT NOTICE
Place of production, publication, distribution, manufacture القاهرة (مصر) :
Name of producer, publisher, distributor, manufacturer المجلس الأعلى للثقافة،
Date of production, publication, distribution, manufacture, or copyright notice -200-2005.
300 ## - PHYSICAL DESCRIPTION
Extent مجلدات :
Other physical details إيضاحيات، صور ؛
Dimensions 24 سم
336 ## - CONTENT TYPE
Source rdacontent
Content type term text
337 ## - MEDIA TYPE
Source rdamedia
Media type term Unmediated
338 ## - CARRIER TYPE
Source rdacarrier
Carrier type term volume
490 ## - SERIES STATEMENT
Series statement المشروع القومى للترجمة ؛
Volume/sequential designation 904
500 ## - GENERAL NOTE
General note الترجمة العربية لـ : Movies and methods : an anthology
500 ## - GENERAL NOTE
General note المكتبة تقتنى المجلد الثانى فقط
504 ## - BIBLIOGRAPHY, ETC. NOTE
Bibliography, etc. note يشتمل على ارجاعات ببليوجرافية.
505 ## - FORMATTED CONTENTS NOTE
Formatted contents note المجلد الثانى. نقد الشكل
541 ## - IMMEDIATE SOURCE OF ACQUISITION NOTE
Source of acquisition وزارة الثقافة ؛
Address القاهرة ؛
Method of acquisition إهداء ؛
Date of acquisition 2023.
650 17 - SUBJECT ADDED ENTRY--TOPICAL TERM
Topical term or geographic name entry element السينما
Source of heading or term qrmak
650 17 - SUBJECT ADDED ENTRY--TOPICAL TERM
Topical term or geographic name entry element الافلام السينمائية
Source of heading or term qrmak
651 1# - SUBJECT ADDED ENTRY--GEOGRAPHIC NAME
Source of heading or term qrmak
700 1# - ADDED ENTRY--PERSONAL NAME
Personal name نيكولز، بيل
Relator term محرر.
700 1# - ADDED ENTRY--PERSONAL NAME
Personal name بيومى، حسن
Relator term مترجم.
905 ## - Cataloger and Reviser Names
Cataloger Name Aya Mohamed
942 ## - ADDED ENTRY ELEMENTS (KOHA)
Source of classification or shelving scheme Dewey Decimal Classification
Koha item type Books
Edition 21
Suppress in OPAC No
المقتنيات
Withdrawn status Lost status Source of classification or shelving scheme Damaged status Not for loan Home library Current library Date acquired Inventory number Total checkouts Full call number Barcode Date last seen Copy number Price effective from Koha item type
    Dewey Decimal Classification   Not for loan المكتبة المركزبة الجديدة - جامعة القاهرة قاعة الكتب - الدور الثاني 10.06.2026 170184   791.43 A2578 v.2 c.1 01000100170184002 10.06.2026 v.2 c.1 10.06.2026 Books
    Dewey Decimal Classification   Not for loan المكتبة المركزبة الجديدة - جامعة القاهرة قاعة الكتب - الدور الثاني 10.06.2026 170185   791.43 A2578 v.2 c.2 01000100170185002 10.06.2026 v.2 c.2 10.06.2026 Books
    Dewey Decimal Classification     المكتبة المركزبة الجديدة - جامعة القاهرة مخزن الكتب - البدروم 10.06.2026 170186   791.43 A2578 v.2 c.3 Store 01000100170186002 10.06.2026 v.2 c.3 10.06.2026 Books
Cairo University Libraries Portal Implemented & Customized by: Eng. M. Mohamady Contacts: new-lib@cl.cu.edu.eg | cnul@cl.cu.edu.eg
CUCL logo CNUL logo
© All rights reserved — Cairo University Libraries
CUCL logo
Implemented & Customized by: Eng. M. Mohamady Contact: new-lib@cl.cu.edu.eg © All rights reserved — New Central Library
CNUL logo
Implemented & Customized by: Eng. M. Mohamady Contact: cnul@cl.cu.edu.eg © All rights reserved — Cairo National University Library